Normal view
MARC view
- TEXTBOOK-DEE.MICROELECTRONICS
Entry Topical Term
001 - CONTROL NUMBER
- control field: 61255
003 - CONTROL NUMBER IDENTIFIER
- control field: NUST
005 - DATE AND TIME OF LATEST TRANSACTION
- control field: 20210628202725.0
008 - FIXED-LENGTH DATA ELEMENTS
- fixed length control field: 210628|| aca||aabn | a|a d
040 ## - CATALOGING SOURCE
- Original cataloging agency: NUST
- Transcribing agency: NUST
150 ## - HEADING--TOPICAL TERM
- Topical term or geographic name entry element: TEXTBOOK-DEE.MICROELECTRONICS
670 ## - SOURCE DATA FOUND
- Source citation: Work cat.: (NUST): Millman, Jacob ,Grabel, Arvin 61254, Microelectronics, 2014
